000 01815cam a2200553Ii 4500
999 _c178
_d178
001 892041345
003 OCoLC
005 20190729151232.0
008 141002r20152014nyu 000 1 eng d
020 _a0147514401 (paperback)
020 _a9780147514400 (paperback)
035 _a(OCoLC)892041345
040 _aYDXCP
_beng
_cYDXCP
_dBTCTA
_dBDX
_dNYP
049 _aNYPP
082 _aFIC VEN
091 _aFIC
100 1 _aVenkatraman, Padma.
_eauthor
245 1 2 _aA time to dance /
_cPadma Venkatraman.
264 1 _aNew York, NY :
_bSpeak, an imprint of Penguin Group (USA),
_c[2015]
264 4 _c©2014.
300 _a307 pages ;
_c21 cm.
336 _atext
_2rdacontent.
337 _aunmediated
_2rdamedia.
338 _avolume
_2rdacarrier.
520 _aIn India, a girl who excels at Bharatanatyam dance refuses to give up after losing a leg in an accident.
521 _aYoung Adult.
650 1 _aNovels in verse.
650 1 _aDance
_vFiction.
650 1 _aAmputees
_vFiction.
650 1 _aPeople with disabilities
_vFiction.
650 0 _aNovels in verse.
650 0 _aDance
_vJuvenile fiction.
650 0 _aAmputees
_vJuvenile fiction.
650 0 _aPeople with disabilities
_vJuvenile fiction.
650 7 _aAmputees.
_2fast
_0(OCoLC)fst00808043.
650 7 _aDance.
_2fast
_0(OCoLC)fst00887402.
650 7 _aNovels in verse.
_2fast
_0(OCoLC)fst01039786.
650 7 _aPeople with disabilities.
_2fast
_0(OCoLC)fst01057245.
651 1 _aIndia
_vFiction.
651 0 _aIndia
_vJuvenile fiction.
651 7 _aIndia.
_2fast
_0(OCoLC)fst01210276.
655 7 _aFiction.
_2fast
_0(OCoLC)fst01423787.
655 7 _aJuvenile works.
_2fast
_0(OCoLC)fst01411637.
901 _aabm
_bCATBL
901 _aMARS
942 _2ddc
_cFIC
945 _a.b205329585
946 _am